Normal view
MARC view
- NCERT
Entry Personal Name
001 - CONTROL NUMBER
- control field: 5489
003 - CONTROL NUMBER IDENTIFIER
- control field: OSt
005 - DATE AND TIME OF LATEST TRANSACTION
- control field: 20180124122430.0
008 - FIXED-LENGTH DATA ELEMENTS
- fixed length control field: 180124|| aca||aabn | a|a d
040 ## - CATALOGING SOURCE
- Original cataloging agency: OSt
- Transcribing agency: OSt
100 ## - HEADING--PERSONAL NAME
- Personal name: NCERT
670 ## - SOURCE DATA FOUND
- Source citation: Work cat.: (OSt): NCERT, Social and Political Life - II- VII, 2007